Sobrevivir /

Guardado en:
Formato: Objeto Físico
Publicado: Argentina : Toyco, [200?]
Materias:
Etiquetas: Agregar Etiqueta
Sin Etiquetas, Sea el primero en etiquetar este registro!
LEADER 00841nrm a22001575g 4500
001 CEM.cems019343
008 130507b200?##################0###0#####d
005 20220830161339.0
003 CEMS
245 0 0 |a Sobrevivir /  |c The Toy Company 
260 |a Argentina :  |b Toyco,  |c [200?] 
300 |a 1 juego (1 tablero, isla plástica, 1 dado, 8 peones con su base, 2 balsas con base, 1 tiza, 8 cartas en blanco de voto, 1 sí­mbolo de inmunidad, 35 elementos de supervivencia, 120 cartas, 3 cartas-tap.as) ; en caja 26 x 35 x 7 cm. + manual de instrucciones. 
500 |a Para 4 a 8 jugadores a partir de 12 años objetivo: ser el último sobreviviente en el juego, sobrepasando los desafí­os y las votaciones del "consejo de isla". 
082 0 4 |a J793 
653 |a 1. juegos de entretenimiento general 
859 |a CEMS  |b BIB. CEMS - Ludoteca  |h J793  |i T668  |p 255.02  |t Ej.1